Personnages Tom-Tom et Nana en images - Statistiques

Statistiques générales
  • Ce quiz a été pris 23 fois
  • Le résultat moyen est 7 sur 12
Statistiques - réponses
Par images Réponse % Correct
Nana Dubouchon
100%
Tom-Tom Dubouchon
100%
Adrien Dubouchon
68%
Yvonne Dubouchon
68%
Rémi Lepoivre
63%
Gino Marto
53%
Sophie Moulinet
53%
Monsieur Henri
47%
Roberte Dubouchon
47%
Albert Tabouret
37%
Madame Poipoi
37%
Mélanie Lano
37%
Aucun quiz correspondant
Distribution des résultats
% des personnes avec chaque résultat
Percentile par nombre de réponses
Votre historique - résultats
Vous n’avez pas pris ce quiz